The Ashes 2023 1st Test Playing XI - Statistics

General Stats
  • This quiz has been taken 42 times
  • The average score is 19 of 22
Answer Stats
Team Player % Correct
Australia David Warner
97%
England Ben Stokes
97%
England Joe Root
95%
England Jonny Bairstow
95%
Australia Pat Cummins
95%
England Stuart Broad
95%
England James Anderson
92%
Australia Steven Smith
92%
England Zak Crawley
92%
Australia Marnus Labuschagne
89%
Australia Nathan Lyon
89%
Australia Travis Head
86%
Australia Usman Khawaja
86%
Australia Alex Carey
84%
England Ben Duckett
84%
England Harry Brook
84%
England Moeen Ali
84%
England Ollie Pope
84%
Australia Josh Hazlewood
81%
Australia Scott Boland
81%
Australia Cameron Green
76%
England Ollie Robinson
76%
No matching quizzes found
Score Distribution
Percent of People with Each Score
Percentile by Number Answered
Your Score History
You have not taken this quiz